| 000 | 00820nam a22002057a 4500 | ||
|---|---|---|---|
| 999 |
_c12298 _d12298 |
||
| 003 | AR-CdUCM | ||
| 008 | 190408b ||||| |||| 00| 0 spa d | ||
| 040 |
_aMUNICIPALIDAD PROVINCIAL DEL CUSCO _cBIBLIOTECA MUNICIPAL DEL CUSCO |
||
| 082 |
_a989.20 / _bM69 / 1911 |
||
| 100 |
_aTalavera, Natalicio de MarĂa _930094 |
||
| 245 |
_aLa guerra del Paraguay : _bArchivo del general mitre / |
||
| 260 |
_aBuenos Aires : _bEdit. Nizza, _c1958. |
||
| 300 |
_a355 paginas ; _c21 cm. |
||
| 505 | _aContenido :Correspondencia con el general don Venancio flores --Sitio de Uruguayana --Partes sobre operaciones de vanguardia --Documentos referentes a operaciones militares ... | ||
| 650 |
_aParaguay _914205 |
||
| 650 |
_aHistoria _9136 |
||
| 650 |
_aRelatos personales _93361 |
||
| 942 |
_2ddc _cLIBROS |
||
| 945 |
_arjall _d2019-04-08 |
||